000 00618cam a2200229 4500500
005 20260329004903.0
041 _afre
042 _adc
100 1 0 _aGustave, Océane
_eauthor
245 0 0 _aL’Iris sauvage
260 _c2021.
500 _a71
690 _aAmérique
690 _aEspace
690 _aFamille
690 _aFleur
690 _aLouise Glück
690 _aPlante
690 _aPoésie
786 0 _nPhilosophie magazine | 151 | 8 | 2021-07-01 | p. 69-69 | 1951-1787
856 4 1 _uhttps://shs.cairn.info/magazine-philosophie-magazine-2021-6-page-69?lang=fr&redirect-ssocas=7080
999 _c1838175
_d1838175